University Home | Library Home | Institutional Repository

Sustainability of pension systems in the New EU Member States and Croatia/ (Record no. 116551)

MARC details
000 -LEADER
fixed length control field 00695cas a2200205 4500
008 - FIXED-LENGTH DATA ELEMENTS--GENERAL INFORMATION
fixed length control field 110617n eng u
020 ## - INTERNATIONAL STANDARD BOOK NUMBER
International Standard Book Number 9780821373699
035 ## - SYSTEM CONTROL NUMBER
System control number (Sirsi) a173500
050 ## - LIBRARY OF CONGRESS CALL NUMBER
Classification number WB HD7164.K37:
Item number KAS 2008
100 1# - MAIN ENTRY--PERSONAL NAME
Personal name Kasek, Leszek
245 ## - TITLE STATEMENT
Title Sustainability of pension systems in the New EU Member States and Croatia/
Statement of responsibility, etc. Leszek, Kasek, Thomas Laursen and Emilia Skrok
260 ## - PUBLICATION, DISTRIBUTION, ETC.
Place of publication, distribution, etc. Washington DC:
Name of publisher, distributor, etc. The Worldbank,
Date of publication, distribution, etc. 2008
300 ## - PHYSICAL DESCRIPTION
Extent v,40p.:
Other physical details ill.
504 ## - BIBLIOGRAPHY, ETC. NOTE
Bibliography, etc. note Includes bibliographical references
650 ## - SUBJECT ADDED ENTRY--TOPICAL TERM
Topical term or geographic name entry element Pensions--European union Countries
650 ## - SUBJECT ADDED ENTRY--TOPICAL TERM
Topical term or geographic name entry element Pensions---Croatia
700 ## - ADDED ENTRY--PERSONAL NAME
Personal name Laursen, Thomas
700 ## - ADDED ENTRY--PERSONAL NAME
Personal name Skrok, Emilia
710 ## - ADDED ENTRY--CORPORATE NAME
Corporate name or jurisdiction name as entry element The Worldbank
Holdings
Withdrawn status Lost status Source of classification or shelving scheme Damaged status Not for loan Home library Current library Shelving location Cost, normal purchase price Total Checkouts Full call number Barcode Date last seen Copy number Price effective from Koha item type
    Library of Congress Classification     Main Library Main Library Special collections 0.00   WB HD 7164.K37 KAS 2008 33729002120207 08/21/2019 1 08/21/2019 Book
© 2026 - The University of Zambia Library - Koha v25.11